| 000 | 00934nam a2200229 i 4500 | ||
|---|---|---|---|
| 001 | 157003 | ||
| 003 | ES-MaACL | ||
| 005 | 20230906210544.0 | ||
| 008 | 990504s1896 fr |||| | fre d | ||
| 040 |
_aCCPB | B _bspa _cCCPB | B |
||
| 100 | 0 |
_aLanessan, Jean-Louis de. _9182990 |
|
| 245 | 1 | 3 |
_aLa morale des philosophes chinois _b: extraite des livres classiques de la Chine et de l'Annam / _cpar J. L. de Lanessan. |
| 260 |
_aParis : _bAncienne Librairie Germer Baillière et Cie : _bFélix Alcan, éditeur, _c1896. |
||
| 300 |
_a124, [2] p. ; _c19 cm. |
||
| 490 | 1 | _aBibliothéque de philosophie contemporaine | |
| 597 | _aAntep. | ||
| 598 | _aLa mención de res. consta en cub. | ||
| 650 | 4 |
_aÉtica- _xHistoria. _912581 |
|
| 830 | 0 |
_aBibliothéque de philosophie contemporaine _9181027 |
|
| 852 |
_aES-MaACL _jF-11918 _z-- Enc. hol. _x-- Edic.: El imp. es: Evreux, Imprimerie de Charles Hérissey |
||
| 999 |
_c157003 _d157003 |
||